|
|
|
|
| LEADER |
00000ny a22000003n 4500 |
| 005 |
20110615132654.0 |
| 008 |
090211s2009 sp 000 0 spa d |
| 020 |
|
|
|a 9788476988411
|
| 035 |
|
|
|a 3356
|
| 040 |
|
|
|a BUS
|d vLex
|
| 080 |
|
|
|a 336.2:004.738(460)
|
| 090 |
|
|
|c 714
|d 714
|
| 245 |
0 |
0 |
|a Administracin̤ electronica tributaria
|h [Recurso electrn̤ico]
|c Ana Mara̕ Delgado Garca̕ (coord.), Rafael Oliver Cuello (coord.) ; Juan Cano Garca̕ ...[et al.]
|
| 256 |
|
|
|a Servicio en ln̕ea
|
| 260 |
|
|
|a Barcelona :
|b Bosch,
|c 2009
|
| 300 |
|
|
|a 346 p. ;
|c 24 cm.
|
| 504 |
|
|
|a Bibliografa̕: p.337-346
|
| 506 |
1 |
|
|a Contenido solo disponible en los productos indicados
|d vLex Global
|d vLex Global (Academic Edition, excluding Law Schools)
|d vLex Global (U.S. Academic Edition, Law Schools)
|d vLex Global (U.S. Academic Edition, excluding Law Schools)
|d vLex Global (Academic Edition, Law Schools)
|
| 650 |
0 |
7 |
|a Administracin̤ tributaria
|2 Tesauro vLex
|
| 650 |
0 |
7 |
|a Nuevas tecnologa̕s
|2 Tesauro vLex
|
| 700 |
1 |
|
|a Cano Garca̕, Juan,
|e coaut.
|
| 700 |
1 |
|
|a Delgado Garca̕, Ana Mara̕,
|e coord.
|
| 700 |
1 |
|
|a Oliver Cuello, Rafael,
|e coord.
|
| 740 |
0 |
|
|a vLex Libros (Servicios en ln̕ea)
|
| 856 |
4 |
0 |
|u http://vlex.com/source/3356
|z Acceso restringido
|
| 942 |
|
|
|c BOOK
|
| 999 |
0 |
|
|a Technology
|b Barcelona
|